[Event "Championnat de France - Open C"]
[Site "Pau"]
[Date "2008.08.19"]
[Round "7.4"]
[White "Pinel, Jeremy"]
[Black "Froment, Theophile"]
[Result "1-0"]
[WhiteElo "1740"]
[BlackElo "1661"]
[PlyCount "70"]

1. e4 c5 2. Nf3 d6 3. d4 cxd4 4. Nxd4 Nf6 5. Nc3 a6 6. f3 e5 7. Nb3 Be6 8. Be3
Nbd7 9. g4 b5 10. g5 Nh5 11. Nd5 Bxd5 12. Qxd5 Rc8 13. O-O-O Qc7 14. Qd2 Nb6
15. Kb1 Be7 16. Na5 Nc4 17. Nxc4 bxc4 18. c3 a5 19. Qd5 O-O 20. Bh3 Rb8 21. Bg4
Nf4 22. Bxf4 exf4 23. h4 Rb6 24. Rh2 Rfb8 25. Bh3 Rb5 26. Qd4 a4 27. Bf1 a3 28.
Rdd2 axb2 29. Bxc4 Rc5 30. Bb3 Qa7 31. Rxb2 Rb4 32. Qxb4 Rxg5 33. Rhg2 Rg3 34.
Qd4 Qa6 35. Qc4 Qa7 1-0

[Event "Championnat de France - Open C"]
[Site "Pau"]
[Date "2008.08.19"]
[Round "7.5"]
[White "Vlahovic, Dimitri"]
[Black "Romero, Vladimir"]
[Result "1/2-1/2"]
[WhiteElo "1768"]
[BlackElo "1516"]
[PlyCount "92"]

1. e4 c5 2. c3 Nf6 3. e5 Nd5 4. d4 cxd4 5. cxd4 Nc6 6. Nc3 Nxc3 7. bxc3 d6 8.
f4 dxe5 9. fxe5 Bf5 10. Nf3 e6 11. Be2 Be7 12. O-O O-O 13. h3 Rc8 14. Bd2 a6
15. Nh2 Na5 16. Bg4 Bg6 17. Qf3 Nc4 18. Rf2 b5 19. a3 Nxd2 20. Rxd2 Qc7 21. a4
Qxc3 22. Qxc3 Rxc3 23. axb5 axb5 24. Ra7 Bg5 25. Raa2 Bxd2 26. Rxd2 h5 27. Be2
Rc2 28. Rxc2 Bxc2 29. Bxb5 Rd8 30. Be2 g6 31. g4 hxg4 32. Nxg4 Rxd4 33. Kf2 Bf5
34. Nf6+ Kg7 35. Kg3 Ra4 36. h4 Rb4 37. Bf3 Bc2 38. Ne8+ Kf8 39. Nf6 Rd4 40.
Bc6 Rd8 41. Be4 Bb3 42. Bf3 Bd5 43. Bg4 Bc6 44. Nh7+ Ke7 45. Nf6 Kf8 46. Nh7+
Ke7 1/2-1/2

[Event "Championnat de France - Open C"]
[Site "Pau"]
[Date "2008.08.19"]
[Round "7.6"]
[White "Guilchard, Benjamin"]
[Black "Prieur, Axel"]
[Result "1-0"]
[WhiteElo "1788"]
[BlackElo "1714"]
[PlyCount "91"]

1. e4 e5 2. Nf3 Nf6 3. d3 h6 4. Nxe5 d5 5. exd5 Qxd5 6. Nf3 Bc5 7. d4 Bb6 8.
Nc3 Ba5 9. Bd3 O-O 10. O-O Bxc3 11. bxc3 Bg4 12. Be2 Re8 13. h3 Bh5 14. Be3 Ne4
15. Bd2 Qc6 16. g4 Bg6 17. Ne5 Qe6 18. Nxg6 Nxd2 19. Nf4 Qe4 20. Qxd2 g5 21.
Rfe1 Qxf4 22. Qxf4 gxf4 23. Bf3 Nc6 24. Kg2 Na5 25. Re4 b6 26. Rae1 Kf8 27.
Rxe8+ Rxe8 28. Rxe8+ Kxe8 29. Bd5 c6 30. Bb3 Nb7 31. Kf3 Nd6 32. c4 f5 33. Kxf4
fxg4 34. hxg4 c5 35. dxc5 bxc5 36. Ke5 Nf7+ 37. Kf6 Nd6 38. Kg6 Kf8 39. Kxh6
Kg8 40. f4 Ne4 41. f5 a5 42. g5 Nc3 43. a4 Ne4 44. Kg6 Kf8 45. f6 Kg8 46. Kf5
1-0

[Event "Championnat de France - Open C"]
[Site "Pau"]
[Date "2008.08.19"]
[Round "7.7"]
[White "Wolfangel, Claude"]
[Black "Germond, Thierry"]
[Result "0-1"]
[WhiteElo "1780"]
[BlackElo "1695"]
[PlyCount "92"]

1. d4 Nf6 2. c4 e6 3. Nf3 b6 4. g3 Ba6 5. Qc2 Nc6 6. Bg2 Bb4+ 7. Bd2 Be7 8. O-O
O-O 9. b4 Bb7 10. Ne5 Nxd4 11. Qd3 Bxg2 12. Kxg2 Nc6 13. Nxc6 dxc6 14. Qf3 c5
15. b5 Qd4 16. Qc3 Ne4 17. e3 Nxc3 18. exd4 Nxb1 19. Raxb1 cxd4 20. f4 c5 21.
a4 Bd6 22. a5 f6 23. axb6 axb6 24. Ra1 Rab8 25. Ra7 Rf7 26. Rfa1 Rfb7 27. Kf3
Kf7 28. Ke4 f5+ 29. Kf3 Kf6 30. h3 e5 31. fxe5+ Bxe5 32. Rxb7 Rxb7 33. Ra8 g6
34. Rf8+ Kg7 35. Re8 Kf6 36. Rf8+ Ke6 37. Rd8 Re7 38. Bg5 Ra7 39. Re8+ Kd6 40.
Rd8+ Kc7 41. Re8 Ra3+ 42. Ke2 d3+ 43. Kd2 Bc3+ 44. Ke3 d2 45. Ke2 Ra1 46. Rd8
Re1+ 0-1

[Event "Championnat de France - Open C"]
[Site "Pau"]
[Date "2008.08.19"]
[Round "7.8"]
[White "Scherrer, Gilles"]
[Black "Masset, Jacques"]
[Result "1/2-1/2"]
[WhiteElo "1692"]
[BlackElo "1752"]
[PlyCount "120"]

1. e4 Nf6 2. e5 Nd5 3. d4 d6 4. c4 Nb6 5. Nf3 Nc6 6. e6 fxe6 7. Be3 g6 8. Nc3
Bg7 9. Be2 O-O 10. Qd2 e5 11. d5 Nb8 12. h3 N8d7 13. g4 Nf6 14. O-O-O e6 15.
Kb1 exd5 16. cxd5 a5 17. Rdg1 Bd7 18. Ne1 c5 19. h4 Qc8 20. f3 a4 21. h5 Be8
22. hxg6 Bxg6+ 23. Bd3 Nc4 24. Qe2 Qe8 25. Bh6 b5 26. Ne4 Nxd5 27. Bxg7 Kxg7
28. Qh2 Qe7 29. Qh6+ Kg8 30. Rh2 Ra7 31. g5 Qg7 32. Qh3 Raf7 33. Rgh1 Bxe4 34.
Bxe4 Nf4 35. Bxh7+ Qxh7+ 36. Qxh7+ Rxh7 37. Rxh7 Ng6 38. R1h6 Nf4 39. Rh8+ Kf7
40. Rxf8+ Kxf8 41. Rh7 Ne6 42. g6 Nf4 43. Rb7 Nxg6 44. Rxb5 Ke7 45. Rb7+ Ke6
46. Ra7 Nh4 47. Kc1 Kd5 48. Rxa4 Nf5 49. Ra8 Nb6 50. Ra7 Nc8 51. Rh7 Nd4 52.
Rh5 Nb6 53. Kd1 Na4 54. b3 Nc3+ 55. Kc1 Nxa2+ 56. Kb2 Nb4 57. f4 Ne6 58. fxe5
dxe5 59. Nf3 Nd3+ 60. Kc3 Ndf4 1/2-1/2

[Event "Championnat de France - Open C"]
[Site "Pau"]
[Date "2008.08.19"]
[Round "7.9"]
[White "Oltra, Alexandre"]
[Black "Tran, Alex"]
[Result "1-0"]
[WhiteElo "1665"]
[BlackElo "1750"]
[PlyCount "60"]

1. d4 d5 2. c4 c6 3. Nf3 Nf6 4. e3 e6 5. Nc3 Bb4 6. Bd3 dxc4 7. Bxc4 Ne4 8. Bd2
Nxd2 9. Qxd2 O-O 10. O-O Nd7 11. a3 Bd6 12. b4 Nf6 13. e4 b5 14. Bb3 Nd7 15.
Rfc1 Bb7 16. e5 Bc7 17. a4 a6 18. Qc2 Bb6 19. Ne4 bxa4 20. Bxa4 f5 21. Nd6 Rb8
22. Bxc6 Bxd4 23. Nxb7 Rxb7 24. Bxb7 Bxa1 25. Rxa1 Qb6 26. Bxa6 Qxb4 27. Qc4
Qe7 28. Rd1 Nb6 29. Qc6 Nd5 30. Bc4 Nc7 1-0

[Event "Championnat de France - Open C"]
[Site "Pau"]
[Date "2008.08.19"]
[Round "7.10"]
[White "Falais, Jean-Francois"]
[Black "Rouffignac, Tanguy"]
[Result "1/2-1/2"]
[WhiteElo "1747"]
[BlackElo "1640"]
[PlyCount "73"]

1. d4 d5 2. c4 e6 3. cxd5 exd5 4. Nc3 Nf6 5. Bg5 Be7 6. Bxf6 Bxf6 7. e3 O-O 8.
Bd3 c6 9. Nf3 Qe7 10. O-O Bg4 11. h3 Be6 12. Nh2 g6 13. Ne2 Bg7 14. Nf4 Bc8 15.
Kh1 Nd7 16. g4 Nf6 17. Qf3 Re8 18. Rg1 Ne4 19. Bxe4 Qxe4 20. Qxe4 Rxe4 21. Nf3
Re7 22. Nd3 f6 23. Nf4 Bd7 24. Rg2 Rc8 25. b4 f5 26. g5 b6 27. Rc1 a5 28. bxa5
bxa5 29. Nd3 Be8 30. Nfe5 Bxe5 31. Nxe5 c5 32. Nd3 c4 33. Nc5 Rb8 34. Rc3 Rb2
35. f3 Rb1+ 36. Rg1 Rb2 37. Rg2 1/2-1/2

[Event "Championnat de France - Open C"]
[Site "Pau"]
[Date "2008.08.20"]
[Round "8.1"]
[White "Pinel, Jeremy"]
[Black "Kouatly, Sami"]
[Result "0-1"]
[WhiteElo "1740"]
[BlackElo "1707"]
[PlyCount "52"]

1. e4 c5 2. Nf3 e6 3. d4 cxd4 4. Nxd4 Nf6 5. Nc3 Nc6 6. Be2 Bb4 7. Nxc6 bxc6 8.
Bg5 d5 9. exd5 cxd5 10. O-O O-O 11. Qd4 Be7 12. Bd3 h6 13. Bd2 Qc7 14. Kh1 Bb7
15. Rae1 a6 16. Na4 Qc6 17. b3 Nd7 18. f4 Bf6 19. Qf2 Rfe8 20. c4 dxc4 21. Bxc4
Rad8 22. Ba5 Rc8 23. Nb6 Nxb6 24. Bxb6 Bh4 25. Qf3 Bxe1 26. Rxe1 Qxb6 0-1

[Event "Championnat de France - Open C"]
[Site "Pau"]
[Date "2008.08.20"]
[Round "8.2"]
[White "Aguilera, Esteban"]
[Black "Graciette, Paul"]
[Result "1-0"]
[WhiteElo "1680"]
[BlackElo "1760"]
[PlyCount "47"]

1. d4 d6 2. Nf3 Nf6 3. Nc3 g6 4. Bg5 Bg7 5. Qd2 h6 6. Bh4 g5 7. Bg3 Bf5 8.
O-O-O Nbd7 9. Re1 Ne4 10. Nxe4 Bxe4 11. Ng1 c5 12. e3 Rc8 13. f3 Bd5 14. Kb1
cxd4 15. exd4 Qb6 16. b3 a5 17. Ne2 a4 18. Nc3 Qb4 19. Ne4 Qxd2 20. Nxd2 e6 21.
c4 axb3 22. axb3 Ra8 23. cxd5 Bxd4 24. dxe6 1-0

[Event "Championnat de France - Open C"]
[Site "Pau"]
[Date "2008.08.20"]
[Round "8.3"]
[White "Julien, Clement"]
[Black "Guilchard, Benjamin"]
[Result "1/2-1/2"]
[WhiteElo "1728"]
[BlackElo "1788"]
[PlyCount "139"]

1. e4 c5 2. c3 d6 3. d4 Nf6 4. Bd3 g6 5. h3 Bg7 6. f4 cxd4 7. cxd4 Qa5+ 8. Nc3
Nc6 9. Nf3 d5 10. e5 Ne4 11. Bxe4 dxe4 12. Nd2 Nxd4 13. Ndxe4 Nf5 14. Qd5 Qb6
15. Qb5+ Qxb5 16. Nxb5 O-O 17. g4 Bd7 18. Nbc3 Nd4 19. O-O Nb5 20. Be3 Nxc3 21.
Nxc3 f6 22. exf6 exf6 23. Rad1 Bc6 24. Bc5 Rfd8 25. Rfe1 a6 26. Bb6 Rxd1 27.
Rxd1 Re8 28. Kf2 Bh6 29. Be3 Kf7 30. Nd5 Rd8 31. Nc3 Rxd1 32. Nxd1 Ke6 33. Nc3
Bf8 34. a3 b5 35. Ne2 Kd5 36. h4 Bc5 37. Nc3+ Kc4 38. Bxc5 Kxc5 39. Ke3 Kc4 40.
Nd1 Kb3 41. Kd2 Bf3 42. Nf2 Kxb2 43. Ke3 Bb7 44. Nd3+ Kxa3 45. Nc5 Bc8 46. Ne4
Bxg4 47. Nxf6 h5 48. Nxg4 hxg4 49. h5 b4 50. hxg6 b3 51. g7 b2 52. g8=Q b1=Q
53. Qf8+ Ka4 54. Qe8+ Qb5 55. Qe4+ Ka5 56. Qe5 Qxe5+ 57. fxe5 Kb6 58. Kf4 Kc6
59. Kxg4 a5 60. e6 a4 61. Kf5 a3 62. Kg6 Kd6 63. Kf7 a2 64. e7 a1=Q 65. e8=Q
Qa7+ 66. Kg6 Qg1+ 67. Kh5 Qh2+ 68. Kg6 Qg3+ 69. Kh6 Qf4+ 70. Kg6 1/2-1/2

[Event "Championnat de France - Open C"]
[Site "Pau"]
[Date "2008.08.20"]
[Round "8.4"]
[White "Germond, Thierry"]
[Black "Citterio, Jean-Claude"]
[Result "1/2-1/2"]
[WhiteElo "1695"]
[BlackElo "1776"]
[PlyCount "77"]

1. Nf3 d5 2. d4 Nf6 3. c4 e6 4. g3 c6 5. Bg2 Nbd7 6. O-O dxc4 7. Qc2 Bd6 8.
Qxc4 O-O 9. Rd1 Qe7 10. Nc3 e5 11. e4 Nb6 12. Qb3 Bg4 13. Be3 Be6 14. Qc2 Ng4
15. dxe5 Nxe3 16. exd6 Nxc2 17. dxe7 Rfe8 18. Rac1 Nb4 19. a3 Na2 20. Nxa2 Bxa2
21. Nd4 Rxe7 22. Nf5 Rd7 23. Rxd7 Nxd7 24. Nd6 Rb8 25. f4 f6 26. Bh3 Nb6 27. e5
fxe5 28. fxe5 Bd5 29. Rf1 Nc4 30. Nxc4 Bxc4 31. Rf4 Bd5 32. e6 Re8 33. Rf7 c5
34. Rc7 Bc6 35. Bf1 Bd5 36. Rxc5 Bxe6 37. Bg2 Re7 38. Bd5 Bxd5 39. Rxd5 1/2-1/2

[Event "Championnat de France - Open C"]
[Site "Pau"]
[Date "2008.08.20"]
[Round "8.5"]
[White "Romero, Vladimir"]
[Black "Tison, Freddy"]
[Result "1-0"]
[WhiteElo "1516"]
[BlackElo "1740"]
[PlyCount "39"]

1. e4 d6 2. Nc3 Nf6 3. g3 g6 4. Bg2 Nc6 5. d3 Bg4 6. f3 Bd7 7. h3 Bg7 8. f4 e5
9. Nge2 Qc8 10. Be3 h5 11. Qd2 Be6 12. a3 Ne7 13. O-O-O Qd7 14. d4 exd4 15.
Nxd4 Nc6 16. Nxc6 Qxc6 17. e5 Qd7 18. exf6 Bxf6 19. Bd4 Bxd4 20. Qxd4 1-0

[Event "Championnat de France - Open C"]
[Site "Pau"]
[Date "2008.08.20"]
[Round "8.6"]
[White "Naudion, Eric"]
[Black "Oltra, Alexandre"]
[Result "0-1"]
[WhiteElo "1764"]
[BlackElo "1665"]
[PlyCount "128"]

1. d4 d6 2. e3 Nf6 3. Bd3 Nbd7 4. c4 c6 5. Nc3 Qc7 6. f4 e5 7. Nf3 Be7 8. O-O
O-O 9. Bd2 a6 10. Rc1 Re8 11. h3 exf4 12. exf4 Qb8 13. g4 b5 14. cxb5 axb5 15.
b4 d5 16. g5 Nh5 17. Ne5 Nxe5 18. fxe5 g6 19. Qf3 Be6 20. Rb1 Ng7 21. Rb2 Nf5
22. Ne2 Ra3 23. Qf2 Rxd3 24. Nf4 Rg3+ 25. Kh2 Bxg5 26. Ne2 Be3 27. Bxe3 Rxe3
28. Qf4 Re4 29. Qd2 Qa7 30. Rd1 Nh4 31. Rb3 Ra8 32. Ra1 Nf5 33. Rd3 Qb6 34. Rd1
Ra6 35. Nc3 Rh4 36. Qg5 Qc7 37. R1d2 Qe7 38. Qxe7 Nxe7 39. Nd1 Ra4 40. a3 Bf5
41. Rc3 Kg7 42. Nf2 Bd7 43. Rf3 Rh5 44. Rdd3 Rf5 45. Kg3 Rxf3+ 46. Kxf3 Nc8 47.
Rc3 Nb6 48. Nd3 Bxh3 49. Rxc6 Rxa3 50. Rxb6 Rxd3+ 51. Ke2 Rxd4 52. Rxb5 Re4+
53. Kd2 Rxe5 54. Rc5 Re4 55. b5 Be6 56. b6 Rb4 57. Rc6 h5 58. Kc3 Rb5 59. Kd4
h4 60. Ke5 h3 61. Kd6 h2 62. Kc7 h1=Q 63. b7 Rxb7+ 64. Kxb7 d4 0-1

[Event "Championnat de France - Open C"]
[Site "Pau"]
[Date "2008.08.20"]
[Round "8.7"]
[White "Froment, Theophile"]
[Black "Vlahovic, Dimitri"]
[Result "0-1"]
[WhiteElo "1661"]
[BlackElo "1768"]
[PlyCount "104"]

1. e4 e6 2. d4 d5 3. Nc3 Nf6 4. e5 Nfd7 5. f4 g6 6. Nf3 c5 7. Be3 Nc6 8. Be2
cxd4 9. Nxd4 Nxd4 10. Bxd4 b6 11. O-O a6 12. Kh1 Bb7 13. Bd3 Nc5 14. Qf3 Nxd3
15. cxd3 Bc5 16. Ne2 Qe7 17. Rac1 O-O 18. a3 a5 19. h3 Rfc8 20. g4 Rc7 21. Kh2
Rac8 22. Rg1 Bxd4 23. Rxc7 Rxc7 24. Nxd4 Qc5 25. Qe3 Bc8 26. f5 Qe7 27. f6 Qf8
28. h4 h6 29. Nf3 Rc2+ 30. Rg2 Rxg2+ 31. Kxg2 Ba6 32. Nd4 Kh7 33. Kf3 Qc5 34.
Nb3 Qb5 35. d4 a4 36. Nd2 Qxb2 37. Kg3 Qc1 38. Kf4 Qb2 39. Kg3 b5 40. Qd3 Kg8
41. Qe3 Qc1 42. Kf2 Kh7 43. Nf3 Qb2+ 44. Kg3 b4 45. h5 Qxa3 46. hxg6+ fxg6 47.
f7 b3 48. Qg1 b2 49. Qh1 Be2 50. Kf2 Bxf3 51. Qxf3 Qxf3+ 52. Kxf3 Kg7 0-1

[Event "Championnat de France - Open C"]
[Site "Pau"]
[Date "2008.08.20"]
[Round "8.9"]
[White "Bekhouche, Erick"]
[Black "Bouzetine, Frederic"]
[Result "1/2-1/2"]
[WhiteElo "1610"]
[BlackElo "1760"]
[PlyCount "48"]

1. d4 Nf6 2. c4 g6 3. Nc3 d5 4. cxd5 Nxd5 5. e4 Nxc3 6. bxc3 c5 7. Bc4 Bg7 8.
Ne2 Qa5 9. Be3 O-O 10. O-O Nd7 11. Qd2 Nb6 12. Bb3 c4 13. Bc2 e6 14. Rab1 Bd7
15. Rfc1 Bc6 16. f3 f5 17. Nf4 Rae8 18. e5 g5 19. Nh5 h6 20. Bxg5 hxg5 21. Qxg5
Rf7 22. Nf6+ Kf8 23. Nh7+ Kg8 24. Nf6+ Kf8 1/2-1/2

[Event "Championnat de France - Open C"]
[Site "Pau"]
[Date "2008.08.20"]
[Round "8.10"]
[White "Masset, Jacques"]
[Black "Grandjean, Anthony"]
[Result "0-1"]
[WhiteElo "1752"]
[BlackElo "1606"]
[PlyCount "30"]

1. d4 Nf6 2. c4 c6 3. Nc3 d6 4. Nf3 g6 5. Bg5 Bg7 6. e4 Qa5 7. Bd3 Bg4 8. Bd2
Nbd7 9. h3 Qh5 10. Be2 O-O 11. Qb3 b5 12. O-O-O bxc4 13. Qxc4 Bxf3 14. Bxf3 Qa5
15. Nd5 cxd5 0-1